BIBLIOTECA PODER JUDICIAL
Portal Judicial TDF

La ganancialidad no significa titularidad / (Registro nro. 6245)

000 -LEADER
fixed length control field 01536nab a22002297a 4500
003 - CONTROL NUMBER IDENTIFIER
control field OSt
005 - DATE AND TIME OF LATEST TRANSACTION
control field 20260127195212.0
008 - FIXED-LENGTH DATA ELEMENTS--GENERAL INFORMATION
fixed length control field 190514b xxu||||| |||| 00| 0 spa d
040 ## - CATALOGING SOURCE
Transcribing agency PJ
100 ## - MAIN ENTRY--PERSONAL NAME
9 (RLIN) 6692
Personal name Giraudo Esquivo, Nicolás
245 13 - TITLE STATEMENT
Title La ganancialidad no significa titularidad /
Statement of responsibility, etc Nicolás Giraudo Esquivo, María Eugenia Jiménez.
300 ## - PHYSICAL DESCRIPTION
Extent p. 5-20
500 ## - GENERAL NOTE
General note Cita: TR LALEY AR/DOC/2145/2025.
505 ## - FORMATTED CONTENTS NOTE
Formatted contents note Sumario: I. Introducción.— II. El caso.— III. La falta de legitimación.— IV. El régimen de comunidad. Un derecho en expectativa que no reconoce titularidad durante su vigencia.— V. Los "procesos urgentes" y "medidas cautelaresprovisionales". Una alternativa procesal viable para el caso.— VI. Las medidas provisionales. Precisiones conceptuales.— VII. Medidas provisionales relativas a los bienes en el divorcio y la nulidad del matrimonio en el Cód. Civ. y Com.— VIII. Las medidas cautelares-provisionales versus jurisdicción preventiva. Distintas posturas.— IX. Conclusiones.
505 ## - FORMATTED CONTENTS NOTE
Title Fallo comentado: CNCiv., sala D ~ 18/02/2025 ~ Chaves, María Cristina c. Muzlera, Mariana Lucía y otros s/ daños y perjuicios.
650 #0 - SUBJECT ADDED ENTRY--TOPICAL TERM
9 (RLIN) 967
Topical term or geographic name as entry element DERECHO DE FAMILIA
650 #0 - SUBJECT ADDED ENTRY--TOPICAL TERM
9 (RLIN) 979
Topical term or geographic name as entry element BIENES GANANCIALES
650 #0 - SUBJECT ADDED ENTRY--TOPICAL TERM
9 (RLIN) 1057
Topical term or geographic name as entry element JURISPRUDENCIA APLICABLE
700 ## - ADDED ENTRY--PERSONAL NAME
9 (RLIN) 6957
Personal name Jiménez, María Eugenia
773 0# - HOST ITEM ENTRY
Host Biblionumber 2844
Host Itemnumber 3222
Place, publisher, and date of publication Buenos Aires : AbeledoPerrot, 1989-
Title Derecho de familia. Revista Interdisciplinaria de doctrina y jurisprudencia. Octubre 2025-V.
International Standard Book Number 18511201
942 ## - ADDED ENTRY ELEMENTS (KOHA)
Source of classification or shelving scheme
Koha item type Analítica Artículo de Revista

No hay ítems disponibles.

12 de Octubre 789 Ushuaia - Tel:  54(02901)441571
Horario de Atención: 8.00 a 17.00 hs. 
bibliotecaush@justierradelfuego.gov.ar
koha@justierradelfuego.gov.ar
Seguinos en nuestras redes @bibliojustdf 

Con tecnología Koha